QUiz o mnie i o fifie 22 i nie tylko dla arka - Statystyki

Ogólne statystyki
  • Ten quiz został rozwiązany 63 razy
  • Średni wynik to 6 z 11
Statystyki odpowiedzi
edycja
gry
ile overallu? % Poprawnych
FIFA 22Cristiano Ronaldo 91
94%
FIFA 21 Robert Lewandowski 91
91%
FIFA 20 Leo Messi 94
89%
Arek ile lewandowski powienien mieć złotych piłek 2
63%
w którym roku lewy wygrał lige mistrzów? 2020
59%
czy uważasz że sędzia sędziuje dla mnie tak lub nie? tak
59%
Mój ulubiony piłkarz z totenhamu koreańczyk lewy skrzydłowy Son
56%
co najbardziej lubie w fifie jaka statystyka np. strzelanie tempo
26%
Arek jaki jest mój jeden z ulubionych klubów? Totenham
11%
Arek kiedy ja się urodziłem 21 lipca
7%
Arek jaką mam ikone w fifie 22? eusebio
6%
Nie znaleziono quizów pasujących do podanych kryteriów
Rozkład punktacji
Procent ludzi z każdym wynikiem
Percentyl według liczby udzielonych odpowiedzi
Twoja historia wyników
Nie rozwiązałeś tego quizu